000 00353pab a2200121 454500
008 180718b xxu||||| |||| 00| 0 eng d
100 _aRamachandran B.
245 _aInternational economic environment: role of Indian banking system
362 _a8(87), May 1994, p.50-51
650 _aBanks and Banking -- India
773 _aThird Concept
909 _a26608
999 _c26608
_d26608